[Event "Raising The Roof Active"]
[Site "Vancouver CAN"]
[Date "2003.02.01"]
[Round "4"]
[White "Moura, Eduardo"]
[Black "Wilkins, Robert"]
[Result "1-0"]
[WhiteElo "1872"]
[BlackElo "1625"]
[PlyCount "43"]
[EventDate "2003.02.01"]
[EventType "tourn (rapid)"]
[EventRounds "5"]
[EventCountry "CAN"]

1. e4 e6 2. d4 a6 3. f4 b5 4. Nf3 Bb7 5. Bd3 Nf6 6. Qe2 Be7 7. O-O c5 8. e5 Nd5
9. f5 Nb4 10. Be4 Bxe4 11. Qxe4 N8c6 12. f6 gxf6 13. exf6 Bxf6 14. c3 Nd5 15.
Bh6 Qb6 16. dxc5 Qxc5+ 17. Kh1 Qc4 18. Nfd2 Qxe4 19. Nxe4 Be7 20. a4 f5 21.
Ned2 Ne3 22. Bxe3 1-0

[Event "Raising The Roof Active"]
[Site "Vancouver CAN"]
[Date "2003.02.01"]
[Round "4"]
[White "Schuetzhold, Ralf"]
[Black "Kosinski, George"]
[Result "0-1"]
[WhiteElo "1792"]
[BlackElo "1816"]
[PlyCount "64"]
[EventDate "2003.02.01"]
[EventType "tourn (rapid)"]
[EventRounds "5"]
[EventCountry "CAN"]

1. e4 c5 2. Nf3 e6 3. d4 cxd4 4. Nxd4 Nf6 5. Nc3 Nc6 6. Be3 Bb4 7. Nxc6 bxc6 8.
Bd3 d5 9. exd5 exd5 10. a3 Be7 11. Ne2 c5 12. c3 O-O 13. O-O Ng4 14. Bf4 Bd6
15. Qd2 Be6 16. Rad1 Ne5 17. Bb1 Nc4 18. Qc1 Bxf4 19. Nxf4 Qg5 20. Nd3 Qxc1 21.
Rxc1 Nd2 22. Rfe1 Nxb1 23. Rxb1 c4 24. Nb4 Rac8 25. Rbd1 Rfd8 26. Rd4 Kf8 27.
Red1 Rc5 28. f4 a5 29. Nc2 Rb5 30. Ne3 g6 31. R1d2 Rdb8 32. Nxd5 Rxb2 0-1

[Event "Raising The Roof Active"]
[Site "Vancouver CAN"]
[Date "2003.02.01"]
[Round "4"]
[White "Sladek, Vaclav"]
[Black "Kury, Bill"]
[Result "1-0"]
[WhiteElo "1894"]
[BlackElo "1280"]
[PlyCount "89"]
[EventDate "2003.02.01"]
[EventType "tourn (rapid)"]
[EventRounds "5"]
[EventCountry "CAN"]

1. d4 d5 2. Bg5 Nf6 3. e3 e6 4. Nf3 Nc6 5. Be2 Be7 6. O-O O-O 7. c4 b6 8. Nc3
Bb7 9. Rc1 Rc8 10. a3 h6 11. Bh4 Ne4 12. Bxe7 Qxe7 13. cxd5 Nxc3 14. Rxc3 exd5
15. b4 a6 16. Qb3 Qd6 17. Rfc1 Rfe8 18. Bxa6 Bxa6 19. Rxc6 Bc4 20. Rxd6 Bxb3
21. Rd7 Ba4 22. Rxd5 f6 23. h4 g6 24. Nd2 Re6 25. b5 c6 26. bxc6 Bxc6 27. Rb5
Bxb5 28. Rxc8+ Kf7 29. d5 Re5 30. e4 f5 31. f3 fxe4 32. fxe4 Bd3 33. Nc4 Bxc4
34. Rxc4 Ke7 35. Kf2 b5 36. Rb4 Kf6 37. Ke3 g5 38. g3 gxh4 39. gxh4 Rh5 40.
Rxb5 Rxh4 41. Rb6+ Kg5 42. d6 Rf4 43. d7 Rf8 44. Rd6 Rd8 45. a4 1-0

[Event "Raising The Roof Active"]
[Site "Vancouver CAN"]
[Date "2003.02.01"]
[Round "5"]
[White "Kosinski, George"]
[Black "Wilkins, Robert"]
[Result "1-0"]
[WhiteElo "1818"]
[BlackElo "1625"]
[PlyCount "43"]
[EventDate "2003.02.01"]
[EventType "tourn (rapid)"]
[EventRounds "5"]
[EventCountry "CAN"]

1. e4 a6 2. d4 b5 3. Bd3 Bb7 4. Ne2 Nf6 5. f3 e6 6. Bg5 Be7 7. Nd2 Nh5 8. Be3
Bg5 9. f4 Be7 10. O-O d6 11. g4 Nf6 12. Ng3 c5 13. g5 Nfd7 14. c3 cxd4 15. cxd4
Nc6 16. Rc1 Nb4 17. Bb1 h6 18. g6 f6 19. Qb3 Nc6 20. Qxe6 Nf8 21. Qf7+ Kd7 22.
d5 1-0

[Event "Raising The Roof Active"]
[Site "Vancouver CAN"]
[Date "2003.02.01"]
[Round "5"]
[White "Kury, Bill"]
[Black "Schuetzhold, Ralf"]
[Result "0-1"]
[WhiteElo "1280"]
[BlackElo "1792"]
[PlyCount "44"]
[EventDate "2003.02.01"]
[EventType "tourn (rapid)"]
[EventRounds "5"]
[EventCountry "CAN"]

1. e4 e6 2. d4 d5 3. exd5 exd5 4. Nf3 Nf6 5. Nc3 c6 6. Bd3 Bd6 7. O-O O-O 8.
Bg5 Bg4 9. Be2 Nbd7 10. Re1 Qc7 11. Bxf6 Nxf6 12. Ne5 Bxe2 13. Rxe2 Nd7 14. f4
Rfe8 15. Qe1 Nf8 16. Qg3 Ne6 17. Rd1 f6 18. f5 Nxd4 19. Ree1 Bxe5 20. Rxe5 Qxe5
21. Qf2 Ne2+ 22. Nxe2 Qxe2 0-1

[Event "Raising The Roof Active"]
[Site "Vancouver CAN"]
[Date "2003.02.01"]
[Round "5"]
[White "Moura, Eduardo"]
[Black "Sladek, Vaclav"]
[Result "1/2-1/2"]
[WhiteElo "1872"]
[BlackElo "1894"]
[PlyCount "56"]
[EventDate "2003.02.01"]
[EventType "tourn (rapid)"]
[EventRounds "5"]
[EventCountry "CAN"]

1. c4 e5 2. g3 Nc6 3. Bg2 g6 4. Nc3 Bg7 5. d3 d6 6. e3 Be6 7. Nge2 Nge7 8. O-O
Qd7 9. Nd5 Nd8 10. Nxe7 Qxe7 11. b4 O-O 12. Rb1 f5 13. f4 Qd7 14. Bd2 c6 15.
Qc2 Rc8 16. a4 Nf7 17. d4 Qe7 18. h3 h6 19. Rfe1 g5 20. Kh2 gxf4 21. exf4 e4
22. Be3 h5 23. Rg1 Nh6 24. Rbc1 Qf6 25. Qd2 Qf7 26. d5 cxd5 27. cxd5 Bxd5 28.
Bxa7 Bc4 1/2-1/2

[Event "Remembrance Day op"]
[Site "Winnipeg CAN"]
[Date "2003.11.07"]
[Round "1"]
[White "Anderson, George"]
[Black "Zaczek, Jonathan"]
[Result "1/2-1/2"]
[WhiteElo "1468"]
[BlackElo "1753"]
[PlyCount "122"]
[EventDate "2003.11.07"]
[EventType "swiss"]
[EventRounds "5"]
[EventCountry "CAN"]

1. b4 e6 2. b5 c5 3. e4 b6 4. Nf3 Bb7 5. Nc3 d5 6. exd5 exd5 7. d4 c4 8. a4 a6
9. Ba3 Bxa3 10. Rxa3 Qd6 11. Qa1 Nd7 12. Be2 Ngf6 13. O-O O-O 14. a5 Rfb8 15.
axb6 axb5 16. Nxb5 Qxb6 17. Rb1 Bc6 18. Nc3 Qc7 19. Rxb8+ Rxb8 20. Ra7 Qb6 21.
Qa5 Qxa5 22. Rxa5 Rb2 23. Ne5 Nxe5 24. dxe5 Rxc2 25. Rc5 Ne8 26. Rxc6 Rxc3 27.
f4 Ra3 28. Kf2 Kf8 29. g4 Ke7 30. Bf3 Rd3 31. h4 Kd7 32. Rc5 Nc7 33. f5 g6 34.
h5 gxh5 35. gxh5 h6 36. Bg4 Rd4 37. Kg3 Re4 38. f6+ Kd8 39. e6 Nxe6 40. Rxd5+
Ke8 41. Rd6 Rd4 42. Ra6 Rd3+ 43. Kf2 Ng5 44. Ra7 Ne4+ 45. Ke1 Nxf6 46. Be2 Rd7
47. Ra4 c3 48. Bb5 Nxh5 49. Bxd7+ Kxd7 50. Rh4 Nf6 51. Rxh6 Ke6 52. Kd1 Ke5 53.
Kc2 Ne4 54. Kd3 f5 55. Rh8 Kf4 56. Rg8 Kf3 57. Rg7 Kf4 58. Rf7 Ke5 59. Ke3 Ke6
60. Rf8 Ke7 61. Rxf5 Nd6 1/2-1/2

[Event "Remembrance Day op"]
[Site "Winnipeg CAN"]
[Date "2003.11.07"]
[Round "1"]
[White "Gannon, Keith"]
[Black "Katona, John"]
[Result "1/2-1/2"]
[WhiteElo "1602"]
[BlackElo "1844"]
[PlyCount "81"]
[EventDate "2003.11.07"]
[EventType "swiss"]
[EventRounds "5"]
[EventCountry "CAN"]

1. Nf3 Nf6 2. Nc3 g6 3. b3 Bg7 4. Bb2 d6 5. g3 c6 6. Bg2 O-O 7. O-O Nbd7 8. a4
d5 9. e3 Ne4 10. d4 Nxc3 11. Bxc3 Nf6 12. Nd2 Bf5 13. f3 Qc8 14. Re1 Re8 15.
Nf1 h5 16. Qd2 Qd7 17. b4 Nh7 18. Bb2 Bh3 19. Bxh3 Qxh3 20. Qg2 Qxg2+ 21. Kxg2
Ng5 22. h4 Ne6 23. Nd2 c5 24. bxc5 Nxc5 25. a5 Nd7 26. c4 dxc4 27. Nxc4 Rac8
28. Rac1 Rc7 29. Nd2 Rec8 30. Rxc7 Rxc7 31. Rc1 Rxc1 32. Bxc1 b6 33. axb6 Nxb6
34. Ba3 Kf8 35. Bc5 Ke8 36. Nb3 e6 37. Na5 Kd7 38. g4 hxg4 39. fxg4 Nd5 40. Kf3
a6 41. e4 1/2-1/2

[Event "Remembrance Day op"]
[Site "Winnipeg CAN"]
[Date "2003.11.07"]
[Round "1"]
[White "Gibson, Kris"]
[Black "Bist, Kent"]
[Result "1-0"]
[WhiteElo "1764"]
[BlackElo "1598"]
[PlyCount "55"]
[EventDate "2003.11.07"]
[EventType "swiss"]
[EventRounds "5"]
[EventCountry "CAN"]

1. e4 c5 2. b4 cxb4 3. Bb2 Nc6 4. Bc4 e6 5. Nf3 d6 6. d3 Nf6 7. a3 bxa3 8. Nxa3
a6 9. Qe2 Be7 10. h4 b5 11. Nxb5 Bb7 12. Nc3 O-O 13. d4 d5 14. Bxa6 Qb6 15.
Bxb7 Rxa1+ 16. Bxa1 Qxb7 17. O-O Re8 18. exd5 exd5 19. Qb5 Qd7 20. Ne5 Nxe5 21.
dxe5 Qxb5 22. Nxb5 Ng4 23. Nc7 Rc8 24. Nxd5 Bxh4 25. g3 Bd8 26. Rc1 Rc4 27. Rd1
Rxc2 28. Ne3 1-0

[Event "Remembrance Day op"]
[Site "Winnipeg CAN"]
[Date "2003.11.07"]
[Round "1"]
[White "Hogeveen Rutter, Alexander"]
[Black "Bist, Jordan"]
[Result "1-0"]
[WhiteElo "1735"]
[BlackElo "1148"]
[PlyCount "63"]
[EventDate "2003.11.07"]
[EventType "swiss"]
[EventRounds "5"]
[EventCountry "CAN"]

1. e4 c5 2. Nf3 Nc6 3. d4 b6 4. Be3 e6 5. Nc3 a6 6. Be2 g6 7. O-O Bg7 8. dxc5
bxc5 9. Bxc5 Nge7 10. Nd4 d6 11. Nxc6 Nxc6 12. Qxd6 Bd7 13. Na4 Bf8 14. Qd2
Bxc5 15. Nxc5 Ra7 16. Bxa6 Ne5 17. Rfd1 f6 18. Bb5 f5 19. exf5 Qh4 20. Bxd7+
Rxd7 21. Nxd7 Ng4 22. h3 gxf5 23. hxg4 h5 24. Nf6+ Kf7 25. Nxh5 fxg4 26. Qd7+
Kg6 27. Nf4+ Kg5 28. Nxe6+ Kf6 29. Qg7+ Kxe6 30. Re1+ Kf5 31. Re5+ Kf4 32. g3+
1-0

[Event "Remembrance Day op"]
[Site "Winnipeg CAN"]
[Date "2003.11.07"]
[Round "1"]
[White "Nikouline, Alexandre"]
[Black "Clory, Ron"]
[Result "1-0"]
[WhiteElo "1941"]
[BlackElo "1637"]
[PlyCount "55"]
[EventDate "2003.11.07"]
[EventType "swiss"]
[EventRounds "5"]
[EventCountry "CAN"]

1. e4 d6 2. d4 Nf6 3. Nc3 g6 4. Bd3 Bg7 5. Nge2 Nbd7 6. O-O O-O 7. f3 e5 8. Be3
Re8 9. a4 a5 10. d5 b6 11. Nb5 Nc5 12. Bc4 Na6 13. Qd2 Nd7 14. c3 Ndc5 15. b4
Nb7 16. Rac1 f5 17. g3 Rf8 18. f4 exf4 19. Nxf4 fxe4 20. Nd4 axb4 21. cxb4 Nac5
22. bxc5 Nxc5 23. Nfe6 Rxf1+ 24. Rxf1 Bxe6 25. Nxe6 Nxe6 26. dxe6 Kh8 27. Rf7
Rxa4 28. Bd4 1-0

[Event "Remembrance Day op"]
[Site "Winnipeg CAN"]
[Date "2003.11.07"]
[Round "1"]
[White "Rutter, Blair"]
[Black "Vincent, Trevor"]
[Result "0-1"]
[WhiteElo "1692"]
[BlackElo "2094"]
[PlyCount "96"]
[EventDate "2003.11.07"]
[EventType "swiss"]
[EventRounds "5"]
[EventCountry "CAN"]

1. d4 Nf6 2. c4 e5 3. dxe5 Ng4 4. e4 Nxe5 5. Be3 Bb4+ 6. Nd2 Qe7 7. f4 Nec6 8.
Bd3 f5 9. e5 d6 10. a3 dxe5 11. Ne2 exf4 12. Bxf4 Bc5 13. Nf3 Be3 14. Bxe3 Qxe3
15. Qd2 Qxd2+ 16. Kxd2 a5 17. Nc3 O-O 18. Rhe1 Na6 19. Nd5 Bd7 20. Re3 Rae8 21.
Rae1 Rxe3 22. Rxe3 g6 23. Ne5 Nxe5 24. Rxe5 Rf7 25. g3 Kg7 26. Kc3 Bc6 27. b4
axb4+ 28. axb4 Nb8 29. Nf4 Nd7 30. Re1 Nf6 31. b5 Be4 32. c5 Bxd3 33. Kxd3 Ne4
34. Kc4 Rd7 35. Re2 Kf6 36. c6 bxc6 37. bxc6 Rd6 38. Nd5+ Ke5 39. Nb4 Rd4+ 40.
Kb5 Kd6 41. Rc2 g5 42. Rg2 Nc3+ 43. Ka5 Kc5 44. Rc2 Rxb4 45. Rxc3+ Rc4 46.
Rxc4+ Kxc4 47. Ka6 Kc5 48. Kb7 Kd6 0-1

[Event "Remembrance Day op"]
[Site "Winnipeg CAN"]
[Date "2003.11.08"]
[Round "2"]
[White "Clory, Ron"]
[Black "Bist, Kent"]
[Result "1-0"]
[WhiteElo "1637"]
[BlackElo "1598"]
[PlyCount "25"]
[EventDate "2003.11.07"]
[EventType "swiss"]
[EventRounds "5"]
[EventCountry "CAN"]

1. Nf3 d5 2. g3 c5 3. d3 Nc6 4. Bg2 e5 5. c3 f5 6. O-O h6 7. Nbd2 Nf6 8. Qc2
Bd6 9. e4 fxe4 10. dxe4 d4 11. Nc4 Qe7 12. Nh4 Qf7 13. Nxd6+ 1-0

[Event "Remembrance Day op"]
[Site "Winnipeg CAN"]
[Date "2003.11.08"]
[Round "2"]
[White "Gibbons, Lorne"]
[Black "Bist, Jordan"]
[Result "1-0"]
[WhiteElo "1297"]
[BlackElo "1148"]
[PlyCount "47"]
[EventDate "2003.11.07"]
[EventType "swiss"]
[EventRounds "5"]
[EventCountry "CAN"]

1. d4 d5 2. c4 Nf6 3. Nc3 dxc4 4. e4 Nc6 5. Nf3 g6 6. Bf4 Bg7 7. Bxc4 O-O 8. h3
a6 9. O-O b5 10. Bd5 Bb7 11. Qd2 b4 12. Ne2 Rc8 13. Bxc6 Bxc6 14. e5 Ne4 15.
Qxb4 Rb8 16. Qa3 Qc8 17. Nc3 Nf6 18. exf6 Bxf6 19. Be5 Bd7 20. Nd5 Bxh3 21.
Bxf6 exf6 22. Ne7+ Kh8 23. Nxc8 Rbxc8 24. gxh3 1-0

[Event "Remembrance Day op"]
[Site "Winnipeg CAN"]
[Date "2003.11.08"]
[Round "2"]
[White "Hogeveen Rutter, Alexander"]
[Black "Nikouline, Alexandre"]
[Result "0-1"]
[WhiteElo "1735"]
[BlackElo "1941"]
[PlyCount "76"]
[EventDate "2003.11.07"]
[EventType "swiss"]
[EventRounds "5"]
[EventCountry "CAN"]

1. e4 c6 2. d4 d5 3. e5 Bf5 4. Nf3 e6 5. c4 Bb4+ 6. Nc3 Ne7 7. a3 Bxc3+ 8. bxc3
b6 9. Nh4 Bg6 10. Bg5 O-O 11. Nxg6 hxg6 12. cxd5 cxd5 13. Bd3 Qc7 14. Qc2 Nbc6
15. h4 Rac8 16. Rc1 Nf5 17. h5 f6 18. g4 Ncxd4 19. cxd4 Qxc2 20. Rxc2 Rxc2 21.
gxf5 Ra2 22. Bc1 fxe5 23. fxe6 Rc8 24. Kd1 e4 25. Bb5 Kf8 26. hxg6 Rxc1+ 27.
Kxc1 Ra1+ 28. Kd2 Rxh1 29. Ke3 Ke7 30. Bd7 Rd1 31. Kf4 Kd6 32. a4 Rxd4 33. Ke3
Rd3+ 34. Ke2 Ra3 35. Kd2 d4 36. Kd1 Ra2 37. Ke1 d3 38. Kf1 Ra1+ 0-1

[Event "Remembrance Day op"]
[Site "Winnipeg CAN"]
[Date "2003.11.08"]
[Round "2"]
[White "Katona, John"]
[Black "Curtis, Rory"]
[Result "1-0"]
[WhiteElo "1844"]
[BlackElo "1726"]
[PlyCount "97"]
[EventDate "2003.11.07"]
[EventType "swiss"]
[EventRounds "5"]
[EventCountry "CAN"]

1. e4 e5 2. Nc3 Nf6 3. Bc4 Nxe4 4. Qh5 Nd6 5. Bb3 Be7 6. Qxe5 O-O 7. Nf3 Bf6 8.
Qd5 Re8+ 9. Kf1 Nc6 10. d3 b6 11. Qh5 g6 12. Qh3 Nf5 13. Bxf7+ Kxf7 14. Qxh7+
Ng7 15. Ne4 Rxe4 16. dxe4 Ba6+ 17. Kg1 Qe7 18. h4 Nd4 19. Nxd4 Bxd4 20. Rh3 Be2
21. c3 Bf6 22. e5 Qxe5 23. Be3 Bh5 24. Bd4 Qb5 25. Re1 Bxd4 26. cxd4 Rg8 27.
Rhe3 Qc4 28. Re7+ Kf6 29. Rxd7 Bg4 30. b3 Qc3 31. Rde7 Be6 32. R7xe6+ Nxe6 33.
Rxe6+ Kxe6 34. Qxg8+ Kf6 35. Qf8+ Ke6 36. Qe8+ Kf6 37. Qf8+ Ke6 38. Qe8+ Kf6
39. Qe5+ Kf7 40. Qf4+ Ke6 41. Qe3+ Qxe3 42. fxe3 Kd5 43. Kf2 Ke4 44. g4 a6 45.
h5 gxh5 46. gxh5 Kf5 47. Kf3 Kg5 48. Ke4 Kxh5 49. Kf5 1-0

[Event "Remembrance Day op"]
[Site "Winnipeg CAN"]
[Date "2003.11.08"]
[Round "2"]
[White "Rutter, Blair"]
[Black "Gannon, Keith"]
[Result "1-0"]
[WhiteElo "1692"]
[BlackElo "1602"]
[PlyCount "81"]
[EventDate "2003.11.07"]
[EventType "swiss"]
[EventRounds "5"]
[EventCountry "CAN"]

1. d4 b6 2. c4 Bb7 3. Nc3 e6 4. e3 d5 5. Nf3 Be7 6. b3 Nf6 7. Bd3 Bb4 8. Bb2
dxc4 9. bxc4 Nbd7 10. O-O c5 11. Rc1 Bxc3 12. Bxc3 Ne4 13. Bb2 O-O 14. Qc2 f5
15. Qe2 Ng5 16. Nd2 Nh3+ 17. Kh1 Qh4 18. f3 Ng5 19. Rg1 Qh5 20. Qf2 f4 21. exf4
Rxf4 22. Qg3 Raf8 23. Be4 Bxe4 24. Nxe4 Nxe4 25. fxe4 Rg4 26. Qd6 Qe8 27. Rge1
cxd4 28. Bxd4 Nf6 29. Qe5 Nd7 30. Qc7 e5 31. Bg1 Nc5 32. Bxc5 bxc5 33. Qxc5 Rf7
34. Qd5 Kh8 35. h3 Rgf4 36. c5 Qf8 37. Qxe5 Re7 38. Qd5 Rexe4 39. Rxe4 Rf1+ 40.
Rxf1 Qxf1+ 41. Kh2 1-0

[Event "Remembrance Day op"]
[Site "Winnipeg CAN"]
[Date "2003.11.08"]
[Round "2"]
[White "Vincent, Trevor"]
[Black "Gibson, Kris"]
[Result "1-0"]
[WhiteElo "2094"]
[BlackElo "1764"]
[PlyCount "95"]
[EventDate "2003.11.07"]
[EventType "swiss"]
[EventRounds "5"]
[EventCountry "CAN"]

1. c4 Nf6 2. g3 c6 3. Bg2 d5 4. Nf3 dxc4 5. Qc2 b5 6. b3 Be6 7. bxc4 Bxc4 8. d3
Bd5 9. O-O Bxf3 10. Bxf3 Qd7 11. Ba3 a5 12. Nd2 b4 13. Bb2 e6 14. Nc4 Ra6 15.
Ne5 Qc7 16. Rac1 Nd5 17. e4 Nf6 18. d4 Bd6 19. Nd3 Be7 20. d5 exd5 21. exd5 O-O
22. dxc6 Rc8 23. Qc4 Ne8 24. Bd5 Nd6 25. Qg4 Ne8 26. Ne5 Nf6 27. Bxf7+ Kf8 28.
Qc4 Rxc6 29. Nxc6 Qxc6 30. Qxc6 Rxc6 31. Rxc6 Nxc6 32. Bb3 Bc5 33. Rc1 Bd4 34.
Bxd4 Nxd4 35. Rc5 Ne4 36. Rxa5 Nxb3 37. axb3 Nd2 38. Rb5 Nxb3 39. Rxb4 Nc5 40.
Kg2 Ne6 41. Rb7 h6 42. f4 h5 43. Kf3 g6 44. Ra7 Nd4+ 45. Ke4 Nc6 46. Rc7 Ne7
47. Ke5 Ng8 48. Ke6 1-0

[Event "Remembrance Day op"]
[Site "Winnipeg CAN"]
[Date "2003.11.08"]
[Round "2"]
[White "Zaczek, Jonathan"]
[Black "Magyar, Peter"]
[Result "0-1"]
[WhiteElo "1753"]
[BlackElo "1694"]
[PlyCount "82"]
[EventDate "2003.11.07"]
[EventType "swiss"]
[EventRounds "5"]
[EventCountry "CAN"]

1. e4 e6 2. d4 d5 3. Nc3 dxe4 4. Nxe4 Be7 5. Bd3 Nf6 6. Ng3 b6 7. c3 Bb7 8. Nf3
Nbd7 9. Bg5 h6 10. Bxf6 Nxf6 11. Rg1 O-O 12. Qe2 c5 13. O-O-O Rc8 14. dxc5 Qc7
15. Nd2 Bxc5 16. Nde4 Nd5 17. Kb1 Nf4 18. Qc2 Nxd3 19. Rxd3 Be7 20. f3 Ba6 21.
Rd2 Rfd8 22. Rgd1 Bc4 23. Rxd8+ Rxd8 24. Rxd8+ Qxd8 25. Qd2 Qxd2 26. Nxd2 Bd3+
27. Kc1 Bc5 28. Ngf1 f6 29. b4 Bd6 30. Kb2 b5 31. Kb3 Bc7 32. a4 a6 33. axb5
axb5 34. g3 h5 35. Ne3 g5 36. c4 bxc4+ 37. Nexc4 h4 38. gxh4 gxh4 39. h3 Bf5
40. Ne4 Bxh3 41. Nxf6+ Kf7 0-1

[Event "Remembrance Day op"]
[Site "Winnipeg CAN"]
[Date "2003.11.08"]
[Round "3"]
[White "Anderson, George"]
[Black "Rutter, Blair"]
[Result "0-1"]
[WhiteElo "1468"]
[BlackElo "1692"]
[PlyCount "64"]
[EventDate "2003.11.07"]
[EventType "swiss"]
[EventRounds "5"]
[EventCountry "CAN"]

1. b4 e6 2. b5 Be7 3. Bb2 Nf6 4. c4 O-O 5. Nc3 d5 6. e3 Nbd7 7. Nf3 Nb6 8. cxd5
exd5 9. Bd3 Re8 10. Qc2 h6 11. a4 Be6 12. Ne2 Bd6 13. O-O Bg4 14. Ned4 Ne4 15.
Ne1 Bd7 16. Bxe4 dxe4 17. f4 Nd5 18. Ne2 Rc8 19. Ng3 Nf6 20. Qb3 Ng4 21. Qc3
Bf8 22. h3 Nf6 23. Nc2 c5 24. Na3 Be6 25. f5 Bd5 26. Rf4 Bd6 27. Rg4 Be5 28.
Qc2 Nxg4 29. Nxe4 Bxe4 30. Qc1 Qh4 31. hxg4 Qh2+ 32. Kf1 Qxg2+ 0-1

[Event "Remembrance Day op"]
[Site "Winnipeg CAN"]
[Date "2003.11.08"]
[Round "3"]
[White "Bist, Jordan"]
[Black "Gannon, Keith"]
[Result "0-1"]
[WhiteElo "1148"]
[BlackElo "1602"]
[PlyCount "34"]
[EventDate "2003.11.07"]
[EventType "swiss"]
[EventRounds "5"]
[EventCountry "CAN"]

1. c4 e5 2. Nc3 Nf6 3. g3 d5 4. e3 Nc6 5. Nf3 Bb4 6. Be2 Bxc3 7. bxc3 O-O 8.
O-O Bg4 9. d3 dxc4 10. Ba3 Re8 11. Rb1 cxd3 12. Bxd3 e4 13. Bxe4 Nxe4 14. Qb3
Bxf3 15. Qxb7 Nd2 16. Rfd1 Bxd1 17. Rxd1 Nf3+ 0-1

[Event "Remembrance Day op"]
[Site "Winnipeg CAN"]
[Date "2003.11.08"]
[Round "3"]
[White "Bist, Kent"]
[Black "Zaczek, Jonathan"]
[Result "0-1"]
[WhiteElo "1598"]
[BlackElo "1753"]
[PlyCount "56"]
[EventDate "2003.11.07"]
[EventType "swiss"]
[EventRounds "5"]
[EventCountry "CAN"]

1. c4 Nf6 2. d4 g6 3. Nc3 Bg7 4. e4 d6 5. f3 O-O 6. Be3 e5 7. d5 a5 8. Bd3 Na6
9. a3 Bd7 10. Bc2 Nh5 11. Nge2 Nc5 12. b4 axb4 13. axb4 Rxa1 14. Qxa1 Na6 15.
Qb1 f5 16. O-O f4 17. Bf2 Rf7 18. c5 Bf8 19. c6 Bc8 20. Qb3 g5 21. Na4 b5 22.
Nac3 g4 23. fxg4 Bxg4 24. Bd1 f3 25. gxf3 Bxf3 26. Ng3 Qg5 27. Nxb5 Qg4 28. Nc3
Nf4 0-1

[Event "Remembrance Day op"]
[Site "Winnipeg CAN"]
[Date "2003.11.08"]
[Round "3"]
[White "Curtis, Rory"]
[Black "Gibbons, Lorne"]
[Result "1-0"]
[WhiteElo "1726"]
[BlackElo "1297"]
[PlyCount "45"]
[EventDate "2003.11.07"]
[EventType "swiss"]
[EventRounds "5"]
[EventCountry "CAN"]

1. d4 d5 2. c4 e6 3. cxd5 exd5 4. Nc3 Bb4 5. Nf3 h6 6. g3 Bf5 7. Bg2 Be4 8. O-O
Bxc3 9. bxc3 Nf6 10. Ba3 Nc6 11. Qa4 Nd7 12. Qd1 Qf6 13. Bh3 Nb6 14. Nd2 Bh7
15. e4 Ne7 16. e5 Qc6 17. c4 dxc4 18. Bg2 Ned5 19. e6 c3 20. exf7+ Kxf7 21. Nb3
Qa4 22. Qh5+ Bg6 23. Bxd5+ 1-0

[Event "Remembrance Day op"]
[Site "Winnipeg CAN"]
[Date "2003.11.08"]
[Round "3"]
[White "Gibson, Kris"]
[Black "Clory, Ron"]
[Result "1-0"]
[WhiteElo "1764"]
[BlackElo "1637"]
[PlyCount "109"]
[EventDate "2003.11.07"]
[EventType "swiss"]
[EventRounds "5"]
[EventCountry "CAN"]

1. e4 d6 2. d4 Nf6 3. Bc4 c6 4. Nc3 g6 5. Nf3 Bg7 6. Be3 O-O 7. Qd2 b5 8. Bd3
b4 9. Ne2 a5 10. Ng3 Ng4 11. O-O Nxe3 12. fxe3 Nd7 13. Rf2 e5 14. Raf1 h6 15.
h4 Qe7 16. h5 Nf6 17. hxg6 fxg6 18. dxe5 dxe5 19. Bc4+ Kh7 20. Ne1 Be6 21. Qe2
Bg4 22. Nf3 Rad8 23. Bb3 Qc5 24. Kh1 Bc8 25. Nh2 Qb6 26. Bc4 h5 27. Rxf6 Rxf6
28. Rxf6 Bxf6 29. Nxh5 c5 30. Ng3 Kg7 31. Kg1 Rh8 32. Nf3 Bg4 33. Qf2 Qd6 34.
Bd5 Rf8 35. Ne2 Bg5 36. c4 a4 37. Nc1 Bh6 38. Nd3 Bxf3 39. gxf3 Qe7 40. Kf1 Bg5
41. Ke2 Qd6 42. Qg3 Bf6 43. Nf2 Rh8 44. Ng4 g5 45. Nf2 Qd7 46. f4 exf4 47. exf4
Rh5 48. e5 Be7 49. Qf3 Rh2 50. f5 Rh6 51. Ng4 Ra6 52. f6+ Bxf6 53. exf6+ Kf8
54. Qh3 Qe8+ 55. Kd2 1-0

[Event "Remembrance Day op"]
[Site "Winnipeg CAN"]
[Date "2003.11.08"]
[Round "3"]
[White "Magyar, Peter"]
[Black "Katona, John"]
[Result "0-1"]
[WhiteElo "1694"]
[BlackElo "1844"]
[PlyCount "44"]
[EventDate "2003.11.07"]
[EventType "swiss"]
[EventRounds "5"]
[EventCountry "CAN"]

1. e4 c5 2. Nc3 Nc6 3. g3 g6 4. Bg2 Bg7 5. f4 d6 6. Nf3 a6 7. O-O e6 8. d3 Nge7
9. Be3 O-O 10. Bf2 Rb8 11. a3 b5 12. e5 dxe5 13. fxe5 Nxe5 14. Bxc5 Nxf3+ 15.
Bxf3 Bb7 16. Be3 Nf5 17. Bf4 Bxf3 18. Rxf3 Rc8 19. Qd2 e5 20. Be3 e4 21. Nxe4
Nxe3 22. Qxe3 Bd4 0-1

[Event "Remembrance Day op"]
[Site "Winnipeg CAN"]
[Date "2003.11.08"]
[Round "3"]
[White "Nikouline, Alexandre"]
[Black "Vincent, Trevor"]
[Result "1-0"]
[WhiteElo "1941"]
[BlackElo "2094"]
[PlyCount "71"]
[EventDate "2003.11.07"]
[EventType "swiss"]
[EventRounds "5"]
[EventCountry "CAN"]

1. e4 c5 2. Nf3 Nc6 3. d4 cxd4 4. Nxd4 g6 5. c4 Bg7 6. Be3 Nh6 7. Be2 f5 8.
exf5 Nxf5 9. Nxf5 Qa5+ 10. Nc3 Qxf5 11. O-O O-O 12. Bg4 Qf7 13. Bf3 d6 14. Rc1
Bf5 15. Bd5 Be6 16. b3 Rac8 17. Ne4 Bxd5 18. cxd5 Nb4 19. Rxc8 Rxc8 20. Nxd6
exd6 21. Qg4 Qf5 22. Qxb4 Qxd5 23. Qg4 Qc6 24. Qe6+ Kh8 25. Bxa7 Ra8 26. Be3
Rxa2 27. Qe7 Ra8 28. Rc1 Qd5 29. b4 Be5 30. h3 Qe4 31. Bg5 Qf5 32. Rc7 Ra1+ 33.
Bc1 Kg8 34. Qxh7+ Kf8 35. Qe7+ Kg8 36. Qe8+ 1-0

[Event "Remembrance Day op"]
[Site "Winnipeg CAN"]
[Date "2003.11.08"]
[Round "3"]
[White "Trueman, Francis"]
[Black "Hogeveen Rutter, Alexander"]
[Result "0-1"]
[WhiteElo "1509"]
[BlackElo "1735"]
[PlyCount "114"]
[EventDate "2003.11.07"]
[EventType "swiss"]
[EventRounds "5"]
[EventCountry "CAN"]

1. Nf3 g6 2. g3 Bg7 3. Bg2 Nf6 4. d3 O-O 5. O-O Nc6 6. Nbd2 d5 7. Re1 Bg4 8. e4
dxe4 9. dxe4 Qd7 10. c3 Qd3 11. Re3 Qd7 12. Qc2 Rad8 13. Nf1 Qd1 14. Qxd1 Rxd1
15. h3 Bh6 16. Re1 Rxc1 17. Raxc1 Bxc1 18. Rxc1 Be6 19. e5 Nd7 20. Nd4 Ndxe5
21. Nxe6 fxe6 22. Be4 Nf3+ 23. Kg2 Ng5 24. Bc2 Rd8 25. h4 Nf7 26. Be4 Rd6 27.
Ne3 Nfe5 28. f4 Rd2+ 29. Kh3 Nd3 30. Bxd3 Rxd3 31. Re1 Kf7 32. a4 h5 33. Nc4 a6
34. Rc1 Kf6 35. b4 b5 36. axb5 axb5 37. Na3 Nxb4 38. Nxb5 Nd5 39. c4 Nxf4+ 40.
Kh2 Rd2+ 41. Kh1 Ne2 42. Rf1+ Ke5 43. Re1 Kf5 44. Rxe2 Rxe2 45. Nd4+ Ke4 46.
Nxe2 e5 47. Kg2 c6 48. Kh3 Kd3 49. Nc1+ Kxc4 50. g4 Kd4 51. Ne2+ Ke3 52. gxh5
gxh5 53. Ng3 c5 54. Nxh5 c4 55. Ng3 c3 56. Nf5+ Kf3 57. h5 c2 0-1